La agonía del cristianismo

Gardado en:
Detalles Bibliográficos
Autor Principal: Unamuno, Miguel de
Formato: Libro
Idioma:Undetermined
Publicado: Buenos Aires, Argentina Editorial Losada 1973
Edición:5
Materias:
Etiquetas: Engadir etiqueta
Sen Etiquetas, Sexa o primeiro en etiquetar este rexistro!

MARC

LEADER 00000nam a2200000Ia 4500
008 170316s9999 xx 000 0 und d
090 |a 100 U-2ag 
100 |a Unamuno, Miguel de 
245 |a La agonía del cristianismo 
250 |a 5 
260 |a Buenos Aires, Argentina 
260 |b Editorial Losada 
260 |c 1973 
300 |a 141 páginas 
650 |a FILOSOFÍA 
650 |a EL CRISTIANISMO 
999 |c 17814  |d 17814 
040 |a cru BVZT 
942 |c 15 D  |h 100 U-2ag  |2 z